000 00347nam a2200157Ia 4500
008 221030s9999 xx 000 0 und d
020 _a8120324137
041 _aEnglish
082 _a105.23
100 _aNIIT
245 0 _aWorking With Novell Netware
260 _bPHI
_aNew Delhi
_c2003
300 _a487
650 _aComputers
942 _cBK
999 _c8720
_d8720